Homenaje al profesor doctor Rodolfo Oscar Fontanarrosa (Record no. 16215)
[ view plain ]
| 000 -CABECERA | |
|---|---|
| campo de control de longitud fija | 00602cam a22001812a 4500 |
| 001 - NÚMERO DE CONTROL | |
| campo de control | 010425 |
| 003 - IDENTIFICADOR DEL NÚMERO DE CONTROL | |
| campo de control | AR-FADEU |
| 008 - DATOS DE LONGITUD FIJA--INFORMACIÓN GENERAL | |
| campo de control de longitud fija | 311216n1981####xxu####################dd |
| 092 ## - ASIGNACIÓN LOCAL DE SIGNATURA TOPOGRÁFICA DEWEY (OCLC) | |
| Número de clasificación | D347 |
| Número de documento/Ítem | U58 |
| 110 ## - ENTRADA PRINCIPAL--NOMBRE DE ENTIDAD CORPORATIVA | |
| Nombre de entidad corporativa o nombre de jurisdicción como elemento de entrada | Universidad Nacional. Facultad de Derecho. Rosario |
| 245 ## - MENCIÓN DE TÍTULO | |
| Título | Homenaje al profesor doctor Rodolfo Oscar Fontanarrosa |
| 260 ## - PUBLICACIÓN, DISTRIBUCIÓN, ETC. (PIE DE IMPRENTA) | |
| Lugar de publicación, distribución, etc. | Rosario |
| 260 ## - PUBLICACIÓN, DISTRIBUCIÓN, ETC. (PIE DE IMPRENTA) | |
| Nombre del editor, distribuidor, etc. | Ediciones Universitarias. Servicio de Publicaciones |
| 260 ## - PUBLICACIÓN, DISTRIBUCIÓN, ETC. (PIE DE IMPRENTA) | |
| Fecha de publicación, distribución, etc. | 1981 |
| 300 ## - DESCRIPCIÓN FÍSICA | |
| Extensión | 205 p |
| 650 ## - PUNTO DE ACCESO ADICIONAL DE MATERIA--TÉRMINO DE MATERIA | |
| Término de materia o nombre geográfico como elemento inicial | LEY COMERCIAL; LETRA DE CAMBIO; PAGARE; ENDOSO; BANCO-TRANSFERENCIA; CREDITOS-VERIFICACION; SOCIEDADES ANONIMAS |
| 942 ## - ELEMENTOS DE PUNTO DE ACCESO ADICIONAL (KOHA) | |
| Tipo de ítem Koha | BDGR |
| Estado de retiro | Estado de pérdida | Estado dañado | No para préstamo | Localización permanente | Ubicación/localización actual | Fecha de adquisición | Número de inventario | Total de préstamos | Signatura topográfica completa | Código de barras | Fecha visto por última vez | Precio válido a partir de | Tipo de ítem Koha |
|---|---|---|---|---|---|---|---|---|---|---|---|---|---|
| Biblioteca Ernesto Sabato - FADECS - UNCOMA | Biblioteca Ernesto Sabato - FADECS - UNCOMA | 21/02/2017 | 15405 | D347 U58 | 15405 | 21/02/2017 | 21/02/2017 | BDGR |